000 01078cam a2200289 i 4500
003 SA-RiAUC
005 20251111083829.0
008 251109s2001 su g 00010 ara c
020 _a9960390211
040 _aSA-MaUQU
_bara
_cSA-RiAUC
_erda
082 0 4 _a252.5
090 _a252.5
_bع م ر
100 1 _aالعمري، عبد الكريم بن صنيتان خليوي،
_d1381 هجري-
_eمؤلف.
245 1 0 _aتسهيل المناسك /
_cتأليف عبد الكريم بن صنيتان العمري.
250 _aالطبعة الأولى.
264 1 _aالمدينة المنورة :
_bدار المآثر،
_c2001
300 _a118 صفحة ؛
_c24 سم
336 _aنص
_btxt
_2rdacontent
_3كتاب
337 _aبدون وسيط
_bn
_2rdamedia
338 _aمجلد
_bnc
_2rdacarrier
650 7 _aالحج
_2aucsh
650 7 _aالحج (فقه إسلامي)
_xمناسك
_2aucsh
650 7 _aالعمرة
_2aucsh
650 7 _aالعبادات (فقه إسلامي)
_2aucsh
942 _2ddc
_cBOOK
_n0
949 _aSA-JeALM
_d251109
_umohamedma123
_n1
999 _c13182
_d13182